|
|
|
|
| LEADER |
00000nab a2200000 a 4500 |
| 001 |
vtls000758493 |
| 003 |
SK-MaSNL |
| 005 |
20260304104140.0 |
| 008 |
250429c2000 xo 0 slo |
| 015 |
|
|
|a SNBRB2001/06-16867
|
| 035 |
|
|
|a CLN000110280
|
| 035 |
|
|
|a urn:nbn:sk:snk-ab1l9l
|
| 035 |
|
|
|a (urnnbn)urn:nbn:sk:snk:ar-004d7c
|
| 035 |
|
|
|a (uuid)694f6d7b-aece-4289-9620-16d36ec014ea
|
| 040 |
|
|
|a SNKBUCL
|b slo
|c SNKBUCL
|e AACR2
|
| 041 |
0 |
|
|a eng
|
| 044 |
|
|
|a xo
|c SK
|
| 080 |
|
|
|a 633.16:632.2:546
|2 1997
|
| 080 |
|
|
|a 632.2:581.144.2
|2 1997
|
| 080 |
|
|
|a 581.144.2
|2 1997
|
| 100 |
1 |
|
|a Tamás, Ladislav
|c (biológ)
|4 aut
|9 11498
|
| 245 |
1 |
0 |
|a Effect of pH and some metals (Al, Cu, Cd and Co) on roth growth of barley
|c Ladislav Tamás, Jana Huttová
|
| 300 |
|
|
|b Obr.
|
| 504 |
|
|
|a Res. angl., slov.
|
| 504 |
|
|
|a Bibliogr. odkazy
|
| 650 |
0 |
7 |
|a jačmeň
|2 snkbucl
|9 20188
|
| 650 |
0 |
7 |
|a korene rastlín
|2 snkbucl
|9 42186
|
| 650 |
0 |
7 |
|a hliník
|2 snkbucl
|9 14229
|
| 650 |
0 |
7 |
|a ťažké kovy
|2 snkbucl
|9 29344
|
| 655 |
|
7 |
|a články z novín a časopisov
|2 snkbucl
|9 267496
|
| 700 |
1 |
|
|a Huttová, Jana
|4 aut
|9 20189
|
| 773 |
0 |
|
|t Poľnohospodárstvo
|g Roč. 46, č. 10 (2000), s. 725-732
|x 0551-3677
|
| 850 |
|
|
|a Slovenská národná knižnica
|
| 852 |
|
|
|a Slovenská národná knižnica
|
| 954 |
|
|
|a odborná, vedecká literatúra pôvodná (slovenská)
|2 lita
|
| 958 |
|
|
|a article27
|
| 958 |
|
|
|a NB
|
| 958 |
|
|
|a OND
|
| 958 |
|
|
|a EUIPO
|
| 992 |
|
|
|a RBX
|
| 999 |
|
|
|c 2850821
|d 2852751
|